| 000 | 00959nam a2200241Ia 4500 | ||
|---|---|---|---|
| 999 |
_c38597 _d38597 |
||
| 001 | 4714 | ||
| 003 | GE_BSU | ||
| 005 | 20190722182215.0 | ||
| 008 | 181216s2006||||ge |||||||||||||| ||geo|| | ||
| 020 | _a9994092138 | ||
| 040 | _cGE_BSU | ||
| 041 | _ageo | ||
| 080 | _a821.35–91 + 398.5 ჩ–74 | ||
| 100 |
_aჩლაიძე, ლია. _93289 |
||
| 245 |
_aკავკასიური ფოლკლორი / _cჩლაიძე, ლია ; რედ. თეიმურაზ ქურდოვანიძე. |
||
| 264 |
_aთბილისი : _bკავკასიური სახლი ; _c2006. |
||
| 300 |
_a228 გვ. ; _c22 სმ. |
||
| 504 | _aბიბლიოგრ. : გვ. 224-226 | ||
| 541 | _h9 ლ. 80 თ. | ||
| 653 | _aკავკასიური ფოლკლორი | ||
| 700 |
_aქურდოვანიძე, თეიმურაზ _eრედაქტორი _93290 |
||
| 942 |
_cBK _2udc |
||